000 00785nam a2200241 i 4500
001 180997
003 ES-MaACL
005 20250814054355.0
008 120928s2011 sp d |||| | spa d
020 _a978-84-938107-4-0
080 _a061.236.6
100 1 _aWillekens, Thérèse.
_9151473
245 1 0 _aViajes-- /
_cThérèse Willekens ; traducción de Yolanda Alba.
260 _a[Madrid] :
_bFundación María Deraismes,
_c[2011]
300 _a83 p. :
_bgráf. ;
_c21 cm.
610 2 4 _aMasonería
_95658
700 1 _aAlba, Yolanda.
_919200
710 2 _aFundación María Deraismes.
_9137819
852 _aES-MaACL
_jA-12220
_9187878
_bR.148310
_cDEPO1
_dOlim: N-5225
942 _2udc
_cMONOGRAFIA
999 _c180997
_d180997